[Event "Wch U18"]
[Site "Szeged"]
[Date "1994.??.??"]
[Round "8"]
[White "Ruck, Robert"]
[Black "Iordachescu, Viorel"]
[Result "1/2-1/2"]
[WhiteElo "2420"]
[BlackElo "2450"]

1.c4 g6 2.g3 Bg7 3.d4 Nf6 4.Bg2 O-O 5.Nf3 d6 6.O-O c6 7.Nc3 Nbd7 8.e4 e5
9.h3 Ne8 10.Bg5 f6 11.Be3 f5 12.exf5 gxf5 13.Bg5 Qb6 14.Na4 Qc7 15.Rc1 h6
16.Bh4 Rf7 17.Re1 e4 18.Nh2 Nf8 19.Qh5 Nf6 20.Bxf6 Rxf6 21.f3 d5 22.cxd5 Qxg3
23.Nf1 Qf4 24.dxc6 bxc6 25.fxe4 fxe4 26.Rc2 Bf5 27.Ne3 Bg6 28.Qg4 Rd8 29.Nc5 Rxd4
30.Nb3 Rdd6 31.Nc4 Rd5 32.Qxf4 Rxf4 33.Rce2 Rg5 34.Kh1 Rh4 35.Nbd2 Rc5 36.b3 Bc3
37.Re3 Rxc4 38.Nxc4 Bxe1 39.Rxe1 Nd7 40.Nd2 Nf6 41.Kh2 Rf4 42.Re2 e3 43.Nc4 Rf2
44.Rxf2 exf2 45.Kg3 Ne4+ 46.Kf3 Kg7 47.Ne5 Bf5 48.Bf1 Nd2+ 49.Kxf2 Nxf1 50.Kxf1 Be4
51.Kf2 Kf6 52.Nd7+ Kf5 53.Nc5 Bd5 54.a4 Ke5 55.Ke3 Bg2 56.Nd3+ Kf5 57.Nf4 Bf1
58.Kf3 a5 59.Ke3 Ke5 60.Nd3+ Kd5 61.Nf4+ Kc5 62.Nd3+ Bxd3 63.Kxd3 Kb4 64.Kc2 h5
65.h4 c5 66.Kb2 c4 67.bxc4 Kxc4 68.Kc2 Kb4 69.Kd3 Kxa4 70.Kc4 Ka3 71.Kc3 a4
72.Kc2 Kb4 73.Kb2 a3+ 74.Ka2 Ka4 75.Kb1 Kb3 76.Ka1 Kc3 77.Ka2 Kd3 78.Kxa3 Ke3
79.Kb2  1/2-1/2

[Event "Szekszard op"]
[Site "Szekszard"]
[Date "1994.??.??"]
[Round "4"]
[White "Skomorokhin, Roman"]
[Black "Pesztericz, Laszlo"]
[Result "1/2-1/2"]
[WhiteElo "2425"]
[BlackElo "2165"]

1.d4 Nf6 2.c4 g6 3.Nf3 Bg7 4.g3 d6 5.Bg2 O-O 6.O-O Nc6 7.Nc3 e5 8.d5 Ne7
9.e4 Ne8 10.Ne1 f5 11.Nd3 Nf6 12.Bg5 fxe4 13.Nxe4 Nxe4 14.Bxe4 Bh3 15.Re1 Qd7
16.f3 Bf5 17.Qd2 Bxe4 18.fxe4 c5 19.Rf1 Kh8 20.Rxf8+ Rxf8 21.Rf1 Rxf1+ 22.Kxf1 Ng8
23.Nf2 Bf6 24.Be3 Qa4 25.b3 Qd7 26.Qa5 b6 27.Qb5 Qxb5 28.cxb5 Kg7 29.Ke2 h6
30.Kd3 Bg5 31.Bxg5 hxg5 32.Ke3 Nf6 33.Kf3 Kf7 34.Ng4 Ne8 35.Ne3 Nf6 36.h3 Ke7
37.Nc2 Kf7 38.b4 Ke7 39.bxc5 dxc5 40.Ne3 Nd7 41.Kg4 Nf6+ 42.Kxg5 Kf7 43.Nd1 Nxe4+
44.Kg4 Nf6+ 45.Kf3 Nxd5 46.h4 Ke6 47.g4 c4 48.h5 gxh5 49.gxh5 Kf5 50.h6 e4+
51.Ke2 Kg6 52.Nf2 Nc3+  1/2-1/2

[Event "Tastrup"]
[Site "Tastrup"]
[Date "1994.??.??"]
[Round "1"]
[White "Jorgensen, Per Henrik Dorff"]
[Black "Jakobsen, Ole"]
[Result "0-1"]
[WhiteElo "2310"]
[BlackElo "2375"]

1.d4 Nf6 2.Nf3 g6 3.c4 Bg7 4.g3 O-O 5.Bg2 d6 6.Nc3 Nc6 7.O-O Bf5 8.d5 Na5
9.Nd2 c5 10.e4 Bd7 11.Qc2 a6 12.b3 b5 13.Bb2 Rb8 14.Rab1 e5 15.Nd1 Nh5 16.f4 exf4
17.Bxg7 Kxg7 18.gxf4 bxc4 19.bxc4 Rxb1 20.Qxb1 Qb8 21.Qd3 f6 22.Nc3 Qc7 23.Ne2 Kg8
24.Bf3 Ng7 25.Qc3 Nb7 26.Rb1 Bc8 27.Nf1 Nd8 28.Ne3 Nf7 29.Ng4 Bxg4 30.Bxg4 f5
31.exf5 gxf5 32.Bf3 Nh8 33.Ng3 Ng6 34.Nh5 Nxh5 35.Bxh5 Nxf4 36.Qg3+ Qg7 37.Qxg7+ Kxg7
38.Bf3 Kf6 39.Rb6 Ke5 40.Kf2 Nh3+ 41.Kg3 Ng5 42.Rxa6 Rb8 43.h4 Nxf3 44.Kxf3 Rb4
45.Ra7 Rxc4 46.Rxh7 Rc3+ 47.Kf2 Ra3  0-1

[Event "Tel Aviv ASA"]
[Site "Tel Aviv"]
[Date "1994.??.??"]
[Round "3"]
[White "Manor, Ilan"]
[Black "Istratescu, Andrei"]
[Result "1-0"]
[WhiteElo "2460"]
[BlackElo "2505"]

1.d4 Nf6 2.c4 g6 3.Nf3 Bg7 4.g3 O-O 5.Bg2 d6 6.O-O Nc6 7.Nc3 a6 8.h3 Rb8
9.e4 e5 10.d5 Ne7 11.c5 dxc5 12.Nxe5 Nxe4 13.Nxe4 Bxe5 14.Bg5 Bf5 15.Nf6+ Kg7
16.Qd2 Qd6 17.Bh6+ Kh8 18.Bxf8 Qxf6 19.Bh6 Qd6 20.Rfe1 f6 21.Bf4 Bxf4 22.Qxf4 Qxf4
23.gxf4 Ng8 24.Rac1 b6 25.b4 cxb4 26.Rxc7 a5 27.d6 Rd8 28.Ree7 g5 29.Bd5 a4
30.Be6 Bd3 31.Red7  1-0

[Event "Tomo Zupan op"]
[Site "Tomo Zupan"]
[Date "1994.??.??"]
[Round "?"]
[White "Drinovec, Ales"]
[Black "Muri, Emil"]
[Result "0-1"]
[WhiteElo "2240"]
[BlackElo "2080"]

1.Nf3 Nf6 2.c4 d6 3.g3 g6 4.Bg2 Bg7 5.d4 O-O 6.O-O Nc6 7.Nc3 e5 8.d5 Ne7
9.e4 Ne8 10.b4 f5 11.Nd2 f4 12.c5 g5 13.g4 Nf6 14.h3 Ng6 15.f3 h5 16.Nc4 Rf7
17.Rf2 Bf8 18.cxd6 cxd6 19.a4 Rh7 20.Ba3 Be7 21.b5 hxg4 22.hxg4 Kg7 23.Rc1 Nh4
24.b6 Qh8 25.Qc2 Bxg4 26.Nxe5 Bc8 27.Nc4 g4 28.fxg4 Nxg2 29.Rxg2 f3 30.Rh2 Nxg4
31.Rxh7+ Qxh7 32.Nd1 Qh3 33.Bb2+ Kf7 34.e5 Qg3+ 35.Kh1 Qe1+  0-1

[Event "Vantaa op2"]
[Site "Vantaa"]
[Date "1994.??.??"]
[Round "1"]
[White "Yrjola, Jouni"]
[Black "Hartikainen, Markku"]
[Result "1/2-1/2"]
[WhiteElo "2440"]
[BlackElo "2235"]

1.d4 Nf6 2.c4 g6 3.g3 Bg7 4.Bg2 O-O 5.Nf3 d6 6.Nc3 Nc6 7.O-O Rb8 8.h3 a6
9.Bg5 h6 10.Be3 g5 11.d5 Na5 12.Qd3 c5 13.dxc6 Nxc6 14.b3 Qa5 15.Nd4 Nxd4
16.Bxd4 b5 17.Nd5 Nxd5 18.cxd5 Bxd4 19.Qxd4 Bf5 20.f4 Bh7 21.f5 Qb6 22.Qxb6 Rxb6
23.Rac1 Rfb8 24.g4 Kf8 25.Rc7 R6b7 26.Rfc1 Rxc7 27.Rxc7 f6 28.Kf2 Ra8 29.e4 Ke8
30.e5 fxe5 31.f6 Bb1 32.Rxe7+ Kf8 33.a3 Rc8 34.Rd7 e4 35.Rxd6 Rc2+ 36.Kg3 Rc3+
37.Kh2 Rxb3 38.Rxa6 Rd3 39.Re6 Rxd5 40.Bxe4 Bxe4 41.Rxe4  1/2-1/2

[Event "Balkaniad"]
[Site "Varna"]
[Date "1994.??.??"]
[Round "5"]
[White "Voiska, Margarita"]
[Black "Ipek, Nilufer"]
[Result "1-0"]
[WhiteElo "2350"]
[BlackElo "2120"]

1.d4 Nf6 2.c4 g6 3.Nf3 Bg7 4.g3 d6 5.Bg2 O-O 6.O-O Nbd7 7.Qc2 e5 8.Rd1 Qe7
9.e4 exd4 10.Nxd4 c6 11.Bf4 Re8 12.Nc3 Ne5 13.Qe2 a5 14.h3 Nfd7 15.Be3 Nc5
16.Rac1 h5 17.b3 Ned7 18.Qd2 Nf6 19.f3 Nh7 20.Nde2 Bf8 21.Bf4 Rd8 22.Nd4 Ne6
23.Nxe6 Bxe6 24.Re1 Qd7 25.Na4 Ra6 26.Kh2 Be7 27.Be3 Qc7 28.Qf2 Qb8 29.Bb6 Re8
30.f4 Bd7 31.c5 Nf8 32.Rcd1 dxc5 33.Bxc5 Qc7 34.Bf1 b5 35.Bxe7 Rxe7 36.Nc5 Ra8
37.e5 Bf5 38.Rd6 Rd8 39.Red1 Rde8 40.Bg2 Bd7 41.Qd2  1-0

[Event "Velden op"]
[Site "Velden"]
[Date "1994.??.??"]
[Round "3"]
[White "Eingorn, Vereslav S"]
[Black "Praznik, Niko"]
[Result "1-0"]
[WhiteElo "2585"]
[BlackElo "2075"]

1.d4 Nf6 2.Nf3 g6 3.c4 Bg7 4.g3 O-O 5.Bg2 d6 6.O-O Nbd7 7.Qc2 c6 8.Rd1 Qc7
9.Nc3 e5 10.e4 exd4 11.Nxd4 a5 12.h3 Nc5 13.Bf4 Nh5 14.Be3 f5 15.exf5 gxf5
16.Nde2 Be6 17.b3 Rad8 18.Rac1 Rf7 19.Qd2 Rff8 20.Nf4 Nxf4 21.Bxf4 Be5 22.Qe3 Nd7
23.c5 dxc5 24.Re1 Bxf4 25.Qxe6+ Kh8 26.gxf4 Qxf4 27.Rcd1  1-0

[Event "Villa Ballester-chT"]
[Site "Villa Ballester"]
[Date "1994.??.??"]
[Round "?"]
[White "Scarella, Enrique"]
[Black "Del Rey, Diego"]
[Result "1-0"]
[WhiteElo "2420"]
[BlackElo "2355"]

1.d4 Nf6 2.Nf3 g6 3.c4 Bg7 4.g3 O-O 5.Bg2 d6 6.Nc3 c6 7.e4 Bg4 8.Be3 Nbd7
9.Qd2 e5 10.h3 Bxf3 11.Bxf3 a6 12.O-O b5 13.cxb5 cxb5 14.a3 Qb8 15.Bg2 a5
16.Rfd1 Re8 17.d5 Nb6 18.b3 Nbd7 19.b4 Nb6 20.Bf1 axb4 21.axb4 Rxa1 22.Rxa1 Nc4
23.Bxc4 bxc4 24.b5 Qb7 25.Ra7 Qc8 26.Kg2 Nd7 27.Qa2 Bf6 28.b6 Nb8 29.Rc7 Qd8
30.Qxc4 Nd7 31.Nb5 Nb8 32.b7 Be7 33.Rc8 Qd7 34.Qc7  1-0

[Event "Vladivostok"]
[Site "Vladivostok"]
[Date "1994.??.??"]
[Round "4"]
[White "Rustemov, Alexander"]
[Black "Ivanov, Mikhail M"]
[Result "1-0"]
[WhiteElo "2455"]
[BlackElo "2475"]

1.d4 Nf6 2.Nf3 g6 3.c4 Bg7 4.g3 O-O 5.Bg2 d6 6.Nc3 Nbd7 7.O-O e5 8.e4 c6
9.h3 Re8 10.Re1 a6 11.d5 cxd5 12.cxd5 a5 13.Nd2 Nc5 14.Nc4 Rf8 15.Bg5 h6
16.Be3 Ne8 17.Qd2 Kh7 18.f4 exf4 19.gxf4 b6 20.e5 Ba6 21.Bxc5 bxc5 22.Bf1 Bxc4
23.Bxc4 Qh4 24.Qf2 Qxh3 25.Re3 Qg4+ 26.Rg3 Qh4 27.Re3 Qxf2+ 28.Kxf2 Rb8 29.Nb5 g5
30.fxg5 hxg5 31.Rh3+ Kg8 32.Rg1 Bxe5 33.Rxg5+ Ng7 34.Kf3 f6 35.Rg2 Rb7 36.Bd3 Rff7
37.a4 f5 38.Rh6 Rb6  1-0

[Event "Wattens op"]
[Site "Wattens"]
[Date "1994.??.??"]
[Round "7"]
[White "Badea, Bela"]
[Black "Neuschmied, Siegfried"]
[Result "1-0"]
[WhiteElo "2435"]
[BlackElo "2265"]

1.Nf3 Nf6 2.g3 g6 3.Bg2 Bg7 4.c4 d6 5.d4 O-O 6.O-O Nbd7 7.Nc3 e5 8.e4 c6
9.b3 exd4 10.Nxd4 Re8 11.h3 Nc5 12.Re1 a5 13.Bf4 Nh5 14.Be3 Qe7 15.Qc2 f5
16.exf5 Bxf5 17.Nxf5 gxf5 18.Bxc5 Qxe1+ 19.Rxe1 Rxe1+ 20.Kh2 dxc5 21.Bf3 Nf6
22.Qxf5 Re5 23.Qd3 Rf8 24.Kg2 Re7 25.Ne4 Nxe4 26.Bxe4 Bd4 27.f3 Rd8 28.Qd2 Red7
29.Bf5 Rd6 30.h4 b6 31.Qc2 h6 32.Qe4 Bf6 33.Kh3 Kh8 34.Qf4 Bg7 35.Be4 Kg8
36.a4 R8d7 37.g4 Rd8 38.g5 R8d7 39.Bf5 Rd8 40.Qe4 Bf8 41.Be6+  1-0

[Event "Wattens op"]
[Site "Wattens"]
[Date "1994.??.??"]
[Round "8"]
[White "Mednis, Edmar John"]
[Black "Eybl, Alexander"]
[Result "1/2-1/2"]
[WhiteElo "2420"]
[BlackElo "2040"]

1.c4 g6 2.g3 Bg7 3.Bg2 d6 4.d4 Nf6 5.Nf3 O-O 6.O-O Nfd7 7.Nc3 e5 8.e4 Nc6
9.Bg5 f6 10.Be3 Kh8 11.d5 Ne7 12.Ne1 f5 13.Nd3 Ng8 14.Qd2 Ndf6 15.f3 Nh5
16.f4 exf4 17.Nxf4 Nxf4 18.Bxf4 fxe4 19.Nxe4 Bf5 20.Rae1 Qd7 21.Nc3 Nf6 22.Nb5 Rae8
23.Nd4 Rxe1 24.Rxe1 Re8 25.Rxe8+ Nxe8 26.Bf3 Nf6 27.Nxf5 Qxf5 28.Kg2 Nd7
29.Qe2 Ne5 30.Be4 Qd7 31.Qc2 b6 32.b4 Kg8 33.Be3 Ng4 34.Bg1 Bh6 35.Qe2 Ne5
36.c5 Qa4 37.cxd6 cxd6 38.Qb2 Bg7 39.Qb3 Qxb3 40.axb3 Bh6  1/2-1/2

[Event "Wiesbaden op"]
[Site "Wiesbaden"]
[Date "1994.??.??"]
[Round "8"]
[White "Grabarczyk, Miroslaw"]
[Black "Vogler, Tilmann"]
[Result "1-0"]
[WhiteElo "2425"]
[BlackElo "2295"]

1.d4 Nf6 2.c4 g6 3.Nf3 Bg7 4.g3 O-O 5.Bg2 d6 6.Nc3 c6 7.O-O Qa5 8.e4 Bg4
9.h3 Bxf3 10.Bxf3 Nbd7 11.Be3 e5 12.Rb1 exd4 13.Bxd4 Rfe8 14.Re1 a6 15.Bg2 Re6
16.b4 Qc7 17.Rc1 Re7 18.f4 Rae8 19.Bf3 Nf8 20.Qd2 Ne6 21.Bf2 Qb8 22.Qc2 h5
23.Qd2 Kh7 24.g4 hxg4 25.hxg4 Rh8 26.g5 Nd7 27.f5 gxf5 28.exf5 Nxg5 29.Qxg5 Rxe1+
30.Rxe1 Bxc3 31.Re4 Bg7 32.Bd4 Qf8 33.f6 Ne5 34.Rxe5 dxe5 35.Be4+ Kg8 36.Bc5  1-0

[Event "Wrexham"]
[Site "Wrexham"]
[Date "1994.??.??"]
[Round "?"]
[White "Arkell, Keith C"]
[Black "Rayner, Francis"]
[Result "1-0"]
[WhiteElo "2470"]
[BlackElo "2285"]

1.d4 Nf6 2.c4 g6 3.Nf3 Bg7 4.g3 O-O 5.Bg2 d6 6.O-O Nc6 7.Nc3 Bg4 8.h3 Bxf3
9.Bxf3 Nd7 10.e3 e5 11.dxe5 Ndxe5 12.Be2 Qd7 13.Kh2 Na5 14.Qd5 b6 15.f4 c6
16.Qe4 f5 17.Qc2 Nf7 18.b4 Nb7 19.Bd2 Rae8 20.Bf3 Nfd8 21.Rad1 Kh8 22.e4 Ne6
23.Be3 Qc8 24.Rfe1 c5 25.exf5 gxf5 26.Nb5 Ned8 27.Nxa7 Qb8 28.Nc6 Nxc6 29.Bxc6 Re6
30.Bd4 Rg6 31.Bxg7+ Rxg7 32.Qb2 Qc7 33.b5 Nd8 34.Bd5 h6 35.Re3 Kh7 36.Rde1 Qa7
37.R1e2 h5 38.h4 Kg6 39.a3 Rf6 40.Re8 Qd7 41.a4 Nf7 42.Qxf6+  1-0

[Event "ARM-ch"]
[Site "Yerevan"]
[Date "1994.??.??"]
[Round "?"]
[White "Petrosian, Arshak B"]
[Black "Kalantarian, Norik"]
[Result "1/2-1/2"]
[WhiteElo "2455"]
[BlackElo "2365"]

1.Nf3 Nf6 2.c4 g6 3.d4 Bg7 4.g3 O-O 5.Bg2 d6 6.Nc3 Nbd7 7.O-O e5 8.h3 Re8
9.e4 exd4 10.Nxd4 Nc5 11.Re1 c6 12.Nb3 Be6 13.e5 Nfd7 14.Qxd6  1/2-1/2

[Event "Zalakaros op"]
[Site "Zalakaros"]
[Date "1994.??.??"]
[Round "1"]
[White "Horvath, Jozsef"]
[Black "Dancs, Zsolt"]
[Result "1-0"]
[WhiteElo "2515"]
[BlackElo "2190"]

1.d4 Nf6 2.Nf3 g6 3.c4 Bg7 4.g3 O-O 5.Bg2 d6 6.O-O c6 7.Nc3 Nbd7 8.e4 e5
9.b3 Ne8 10.Be3 h6 11.dxe5 Nxe5 12.Nxe5 Bxe5 13.Qd2 g5 14.Rac1 Qa5 15.f4 Bf6
16.Nd5 Qxd2 17.Nxf6+ Nxf6 18.Bxd2 g4 19.Bb4 Re8 20.Rfe1 Rd8 21.Rcd1 Ne8 22.e5 Bf5
23.exd6 a5 24.Bc5 Nf6 25.Re5 Be6 26.f5 Bd7 27.Re7 Ra6 28.Bd4 Ne8 29.c5 Bxf5
30.Bf1 Ra7 31.Bc4  1-0

[Event "Zalakaros op"]
[Site "Zalakaros"]
[Date "1994.??.??"]
[Round "2"]
[White "Czebe, Attila"]
[Black "Groszpeter, Attila"]
[Result "0-1"]
[WhiteElo "2355"]
[BlackElo "2525"]

1.d4 Nf6 2.c4 g6 3.g3 Bg7 4.Bg2 O-O 5.Nf3 d6 6.O-O Nbd7 7.Nc3 e5 8.h3 c6
9.e4 Re8 10.Be3 exd4 11.Bxd4 Nb6 12.Qd3 d5 13.cxd5 cxd5 14.Bxb6 Qxb6 15.e5 Bf5
16.Qd1 Ne4 17.Nxd5 Qxb2 18.Nc7 Nxg3 19.Nxa8 Ne2+ 20.Kh1 Rxa8 21.Qd6 Nf4 22.Rae1 Nxg2
23.Kxg2 Qxa2 24.Nd4 Bf8 25.Qf6 Qd5+ 26.Nf3 Bg7 27.Qh4 h6 28.Rd1 Qe4 29.Rfe1 Qxh4
30.Nxh4 Be6 31.Nf3 b5 32.Rd6 a5 33.Nd4 Bc4 34.e6 fxe6 35.Nxe6 Bxe6 36.Rexe6 Ra7
37.Rxg6 a4 38.Rd2 a3 39.Ra2 b4 40.Rb6 Bc3 41.f4 Rd7 42.Kf3 Rd2 43.Rxd2 Bxd2
44.Ra6 Bc1 45.Ke4 b3 46.Kf5 a2  0-1

[Event "Zalakaros op"]
[Site "Zalakaros"]
[Date "1994.??.??"]
[Round "2"]
[White "Chetverik, Maxim"]
[Black "Horvath, Gyula"]
[Result "1-0"]
[WhiteElo "2305"]
[BlackElo "2435"]

1.d4 Nf6 2.c4 g6 3.Nf3 Bg7 4.g3 O-O 5.Bg2 d6 6.O-O Nbd7 7.Nc3 a6 8.h3 c5
9.Be3 Rb8 10.a4 b6 11.Rc1 Bb7 12.d5 b5 13.axb5 axb5 14.cxb5 Nb6 15.Ne1 Ra8
16.Qd3 Nfd7 17.f4 Na4 18.Rb1 Ndb6 19.Nc2 Qd7 20.Kh2 Rfb8 21.f5 gxf5 22.Rxf5 c4
23.Qe4 Nxc3 24.bxc3 Nxd5 25.Rxd5 e6 26.Qg4 f5 27.Rxf5 exf5 28.Qxc4+ Qf7 29.Qd3 Bxg2
30.Kxg2 Rc8 31.Nd4 Ra3 32.Qxf5 Raxc3 33.Qxf7+ Kxf7 34.Nf5 Be5 35.g4 Ke6 36.b6 Rb8
37.Rb5 Kd7 38.Bf2 Rc4 39.Ra5 Rb7 40.Ra8 Rc2 41.Kf3 d5 42.Ra5 Rc3+ 43.Kg2 Rc2
44.Rxd5+ Ke6 45.Rd8 Rxe2 46.Re8+ Kd7 47.Re7+ Kc6 48.Nd4+ Kd6 49.Nf5+ Kc6
50.Kf3 Rxf2+ 51.Kxf2 Rxe7 52.Nxe7+ Kxb6 53.Kf3 Kc7 54.Ke4 Kd6 55.Kf5 Kxe7
56.Kxe5 Kf7 57.Kf5 Kg7 58.Kg5 Kh8 59.Kh6 Kg8 60.h4 Kh8 61.h5  1-0

[Event "Zalakaros op"]
[Site "Zalakaros"]
[Date "1994.??.??"]
[Round "4"]
[White "Mochalov, Evgeny V"]
[Black "Portisch, Ferenc"]
[Result "1-0"]
[WhiteElo "2450"]
[BlackElo "2385"]

1.d4 Nf6 2.Nf3 g6 3.c4 Bg7 4.g3 O-O 5.Bg2 d6 6.O-O Nbd7 7.Qc2 e5 8.Rd1 Qe7
9.Nc3 c6 10.b3 Re8 11.e4 a5 12.h3 exd4 13.Nxd4 Nc5 14.f3 Nfd7 15.Rb1 h5 16.Nce2 Ne5
17.a3 a4 18.b4 Ne6 19.f4 Nxd4 20.Nxd4 Nd7 21.Bb2 Nb6 22.Rbc1 h4 23.g4 Bd7
24.c5 dxc5 25.bxc5 Nc8 26.Nf3 Be6 27.Bxg7 Kxg7 28.Rd4 Bb3 29.Qd2 Qf8 30.Ne5 Ne7
31.Nd7 Qh8 32.Rd6 Ng8 33.f5 Qh6 34.g5 Qh5 35.Rf1 gxf5 36.Bf3 Qh8 37.exf5 Rad8
38.f6+  1-0

[Event "Zalakaros op"]
[Site "Zalakaros"]
[Date "1994.??.??"]
[Round "6"]
[White "Meszaros, Andras"]
[Black "Domotor, Jozsef"]
[Result "0-1"]
[WhiteElo "2395"]
[BlackElo "2170"]

1.Nf3 Nf6 2.g3 g6 3.Bg2 Bg7 4.c4 d6 5.d4 O-O 6.O-O Na6 7.Nc3 c5 8.d5 Nc7
9.e4 a6 10.a4 Rb8 11.Qe2 e6 12.dxe6 Nxe6 13.Rd1 Qc7 14.Rb1 b6 15.e5 dxe5
16.Qxe5 Qxe5 17.Nxe5 Nd4 18.Nc6 Nxc6 19.Bxc6 Bb7 20.Bxb7 Rxb7 21.b3 Ng4 22.h3 Nxf2
23.Kxf2 Bxc3 24.Bb2 Bxb2 25.Rxb2 b5 26.Rd5 bxa4 27.Rxc5 Rxb3 28.Ra2 a3 29.Re5 Rb2+
30.Re2 Rb3 31.Re3 Rb2+ 32.Re2 Rxa2 33.Rxa2 Rc8 34.Rxa3 Rxc4 35.Rxa6 Rc3 36.Rd6 Kg7
37.Rd5 h5 38.Ra5 h4 39.Rg5 hxg3+ 40.Rxg3 Rxg3 41.Kxg3 Kh6 42.Kf4 f6 43.Kg4 f5+
44.Kh4 g5+ 45.Kg3 Kh5 46.Kf3 Kh4 47.Kg2 g4 48.hxg4 Kxg4 49.Kf2 Kf4 50.Kg2 Ke3
51.Kg1  0-1

[Event "Zalakaros op"]
[Site "Zalakaros"]
[Date "1994.??.??"]
[Round "6"]
[White "Chetverik, Maxim"]
[Black "Szirmai, Eduard"]
[Result "1-0"]
[WhiteElo "2305"]
[BlackElo "2230"]

1.d4 Nf6 2.c4 g6 3.Nf3 Bg7 4.g3 O-O 5.Bg2 d6 6.O-O Nc6 7.Nc3 a6 8.d5 Nb8
9.h3 Nbd7 10.Be3 Nc5 11.Nd4 e5 12.dxe6 Nxe6 13.Nb3 Re8 14.Qd2 Nd7 15.Rac1 Ne5
16.Na5 Rb8 17.f4 Nd7 18.b4 c5 19.Ne4 Nd4 20.Nxd6 Nxe2+ 21.Kh2 Nxc1 22.Nxe8 Qxe8
23.Rxc1 cxb4 24.Ba7 Ra8 25.Qf2 Nf6 26.Re1 Qd8 27.Bb6 Qd3 28.Re3 Qd1 29.Bf3 Qa4
30.g4 Bd7 31.Nxb7 b3 32.axb3 Qa3 33.g5 Nh5 34.Nc5 Bd4 35.Bxa8 Bxe3 36.Qxe3 Qb2+
37.Bg2 Bc6 38.Ne4 Ng7 39.Bd4 Qc2 40.Bxg7  1-0

[Event "Zalakaros op"]
[Site "Zalakaros"]
[Date "1994.??.??"]
[Round "8"]
[White "Chetverik, Maxim"]
[Black "Groszpeter, Attila"]
[Result "1/2-1/2"]
[WhiteElo "2305"]
[BlackElo "2525"]

1.d4 Nf6 2.c4 g6 3.Nf3 Bg7 4.g3 O-O 5.Bg2 d6 6.O-O Nbd7 7.Nc3 e5 8.h3 Re8
9.Be3 c6 10.Qb3 exd4 11.Bxd4 Nc5 12.Qa3 Nfe4 13.Bxg7 Kxg7 14.b4 Nd7 15.e3 Nxc3
16.Qxc3+ Qf6 17.Rac1  1/2-1/2

[Event "Ibercaja op"]
[Site "Zaragoza"]
[Date "1994.??.??"]
[Round "8"]
[White "Izeta Txabarri, Felix"]
[Black "Ubilava, Elizbar"]
[Result "1-0"]
[WhiteElo "2460"]
[BlackElo "2535"]

1.d4 Nf6 2.Nf3 g6 3.c4 Bg7 4.g3 O-O 5.Bg2 d6 6.O-O Nbd7 7.Nc3 e5 8.e4 c6
9.h3 Qa5 10.Re1 exd4 11.Nxd4 Re8 12.Be3 Ne5 13.Bf1 Be6 14.Nxe6 Rxe6 15.Kg2 Ned7
16.f3 Nh5 17.Qd2 Rae8 18.Rac1 Be5 19.Bf2 Rf6 20.Rc2 Bf4 21.gxf4 Nxf4+ 22.Kh2 Qh5
23.Bd4 Ne5 24.Bxe5 Rxe5 25.Ne2 Ne6 26.Bg2 Qh4 27.Rf1 Ng5 28.Ng1 Ne6 29.f4 Nxf4
30.Nf3 Qh5 31.Nxe5 dxe5 32.Rf3 Kg7 33.Rg3 g5 34.Qc3 Re6  1-0

[Event "Zuerich op"]
[Site "Zuerich"]
[Date "1994.??.??"]
[Round "?"]
[White "Cvitan, Ognjen"]
[Black "Salov, Sergei"]
[Result "1-0"]
[WhiteElo "2585"]
[BlackElo "2270"]

1.d4 Nf6 2.c4 d6 3.Nf3 g6 4.g3 Bg7 5.Bg2 O-O 6.O-O Nbd7 7.Nc3 e5 8.e4 c6
9.h3 a5 10.Re1 Re8 11.b3 exd4 12.Nxd4 Nc5 13.Bf4 Nh5 14.Be3 Nf6 15.Qc2 Bd7
16.Rad1 Qc7 17.f4 Re7 18.Bf2 h5 19.Nf3 b6 20.e5 Ne8 21.Qd2 dxe5 22.Nxe5 Ra7
23.Nxd7 Qxd7 24.Qxd7 Raxd7 25.Rxd7 Rxe1+ 26.Bxe1 Nxd7 27.Bxc6 Nef6 28.Bf2 Bf8
29.Na4 Bc5 30.Bxd7 Nxd7 31.Nxc5 Nxc5 32.Bxc5 bxc5 33.Kf2 f6 34.Ke3 Kf7 35.Ke4 Ke6
36.f5+ Kf7 37.h4 Kg7  1-0

[Event "Zuerich op"]
[Site "Zuerich"]
[Date "1994.??.??"]
[Round "?"]
[White "Tukmakov, Vladimir B"]
[Black "Gallagher, Joseph G"]
[Result "1-0"]
[WhiteElo "2565"]
[BlackElo "2470"]

1.d4 Nf6 2.Nf3 g6 3.c4 Bg7 4.g3 O-O 5.Bg2 d6 6.Nc3 Nbd7 7.O-O e5 8.e4 exd4
9.Nxd4 Re8 10.h3 a6 11.Re1 Rb8 12.Rb1 Nc5 13.b4 Ne6 14.Be3 h6 15.f4 c6 16.Rb2 Nxd4
17.Bxd4 Be6 18.c5 dxc5 19.bxc5 Qa5 20.e5 Nh5 21.Ne4 Red8 22.Rd2 Bd5 23.Bc3 Qc7
24.Kh2 Bxe4 25.Rxe4 Bf8 26.e6 Rxd2 27.Qxd2 Re8 28.Be5 Qe7 29.Bd6 Qf6 30.e7 Rxe7
31.Bxe7 Bxe7 32.Qe3 Bf8 33.Re8 Ng7 34.Rb8 Ne6 35.Rxb7 Qa1 36.Rb8 Kh7 37.Qe5 Qxa2
38.f5 gxf5 39.Rb2 Qc4 40.Qxf5+ Kg7 41.Rf2 Nxc5 42.Qf6+ Kg8 43.Qxc6 Qe6 44.Qa8 Qe3
45.Rf4 h5 46.h4 Kg7 47.Rf5 Bd6 48.Rg5+ Kf6 49.Qd8+ Be7 50.Qh8+  1-0

[Event "Zuerich op2"]
[Site "Zuerich"]
[Date "1994.??.??"]
[Round "6"]
[White "Almada, Enrique"]
[Black "Summermatter, Daniel"]
[Result "0-1"]
[WhiteElo "2285"]
[BlackElo "2345"]

1.d4 g6 2.Nf3 Bg7 3.g3 Nf6 4.c4 O-O 5.Bg2 d6 6.Nc3 c6 7.O-O Qa5 8.Qb3 Na6
9.Bd2 Rb8 10.Rad1 Qh5 11.Bf4 h6 12.Rfe1 Re8 13.e4 Bg4 14.Nb1 e5 15.dxe5 dxe5
16.Bc1 Nc5 17.Qa3 Ncxe4 18.Re3 Nxf2  0-1

[Event "London SCCU op"]
[Site "London"]
[Date "1995.08.??"]
[Round "9"]
[White "Dive, Russell John"]
[Black "Britton, Richard"]
[Result "1/2-1/2"]
[WhiteElo "2315"]
[BlackElo "2320"]

1.d4 Nf6 2.c4 g6 3.Nf3 Bg7 4.g3 O-O 5.Bg2 d6 6.O-O Nbd7 7.Nc3 e5 8.e4 exd4
9.Nxd4 Re8 10.h3 a6 11.Re1 Rb8 12.a4 a5 13.Ndb5 Nc5 14.Ra2 Bf8 15.Bg5 Ne6
16.Be3 c6 17.Nd4 Nc5 18.Bf4 Nfd7 19.b3 Qb6 20.Rd2 Ra8 21.Na2 Ne6 22.Nxe6 Rxe6
23.Nc1 Nc5 24.Bxd6 Bxd6 25.Rxd6 Rxd6 26.Qxd6 Be6 27.Rd1 Nxb3 28.Nxb3 Qxb3
29.c5 Qxa4 30.Rb1 Bb3 31.h4 Qa2 32.Re1 Qb2 33.e5 Be6 34.h5 gxh5 35.Qe7 h6
36.Qf6 Qd2 37.Re3 Qc1+ 38.Kh2 Qxc5 39.Qxh6 Qf8 40.Qg5+ Qg7 41.Qe7 Rb8 42.Qc7 Qf8
43.Qxa5 b5 44.Bxc6 b4 45.Be4 b3 46.Bb1 Qb4 47.Qa7 Kg7 48.Rf3 Rb7 49.Qe3 Qg4
50.Rf6 Kf8 51.Rf4 Qh3+ 52.Kg1 Rd7 53.Rd4 Rxd4 54.Qxd4 Bd7 55.Qd6+ Ke8  1/2-1/2

[Event "Aalborg op"]
[Site "Aalborg"]
[Date "1995.??.??"]
[Round "2"]
[White "Mochalov, Evgeny V"]
[Black "Hjorth, Torben"]
[Result "0-1"]
[WhiteElo "2470"]
[BlackElo "2205"]

1.d4 Nf6 2.c4 g6 3.Nf3 Bg7 4.g3 O-O 5.Bg2 d6 6.O-O Nc6 7.Nc3 a6 8.b3 Rb8
9.Nd5 Ne4 10.Qc2 f5 11.Rd1 e6 12.Nf4 Ne7 13.Bb2 Bd7 14.Rac1 Qe8 15.e3 g5
16.Nd3 Ng6 17.Nd2 Nf6 18.e4 f4 19.e5 dxe5 20.dxe5 Ng4 21.Ne4 Bc6 22.Nxg5 Bxg2
23.Kxg2 fxg3 24.hxg3 Rxf2+ 25.Qxf2 Nxf2 26.Nxf2 Qc6+ 27.Kg1 Nxe5 28.Bxe5 Bxe5
29.Rd3 Rf8 30.Re1 Qb6 31.Re2 Bd4 32.Ne4 e5 33.Kg2 Qg6 34.Rf3 Rxf3 35.Kxf3 Qh5+
36.g4 Qf7+ 37.Kg2 Qf4 38.Re1 Kg7 39.Rd1 Kg6 40.Rd3 Bxf2 41.Nxf2 e4 42.Nh3 Qc1
43.Rg3 Qd2+ 44.Kf1 e3 45.Nf4+ Kg5 46.Rf3 Kxg4  0-1

[Event "Aalborg op"]
[Site "Aalborg"]
[Date "1995.??.??"]
[Round "4"]
[White "Mochalov, Evgeny V"]
[Black "Andersen, Frank"]
[Result "1-0"]
[WhiteElo "2470"]
[BlackElo "2275"]

1.d4 Nf6 2.c4 g6 3.Nf3 Bg7 4.g3 O-O 5.Bg2 d6 6.O-O Nc6 7.Nc3 Bg4 8.h3 Bxf3
9.Bxf3 Nd7 10.e3 e5 11.dxe5 Ndxe5 12.Be2 Na5 13.Qa4 c6 14.Rd1 Naxc4 15.Bxc4 b5
16.Nxb5 cxb5 17.Bxb5 Qc8 18.Bf1 Nf3+ 19.Kh1 Rb8 20.Bg2 Ne5 21.Rd4 d5 22.Rxd5 Rd8
23.e4 Nd3 24.Be3 Nxb2 25.Qxa7 Ra8 26.Rc1 Qb8 27.Qxb8 Rdxb8 28.Rc7 Rxa2 29.Rdd7 Be5
30.Ra7 Rxa7 31.Bxa7 Rc8 32.f4 Rc7 33.Rxc7 Bxc7 34.e5 Na4 35.Bd5 Bb6 36.Bb8 Nc3
37.Bc4 Ne4 38.Kg2 Kf8 39.Bd5 Nc5 40.Bd6+ Kg7 41.Kf3 h5 42.Bc4 Nb7 43.Bb4 Ba5
44.Bxa5 Nxa5 45.Bd5  1-0

[Event "Algarve"]
[Site "Algarve"]
[Date "1995.??.??"]
[Round "3"]
[White "Tilmatine, Amar"]
[Black "Galego, Luis"]
[Result "1/2-1/2"]
[WhiteElo "2245"]
[BlackElo "2435"]

1.d4 d6 2.g3 Nf6 3.Bg2 g6 4.Nf3 Bg7 5.c4 O-O 6.O-O Nc6 7.Nc3 a6 8.d5 Na5
9.Nd2 c5 10.Qc2 Rb8 11.b3 b5 12.Bb2 Nd7 13.Nd1 Bxb2 14.Nxb2 Nf6 15.Nd3 bxc4
16.bxc4 e5 17.e4 Bd7 18.Rab1 Qc7 19.Qc3 Nh5 20.f4 f6 21.Rxb8 Rxb8 22.f5 g5
23.Rb1 Rxb1+ 24.Nxb1 Qb6 25.Nd2 Ng7 26.Bf3 Ne8 27.Bd1 Nc7 28.Qb2 Na8 29.Kf2 Qd8
30.Qa3 Kf8 31.Ba4 Bxa4 32.Qxa4 Ke7 33.Nb3 Nxb3 34.axb3  1/2-1/2

[Event "Alma Ata"]
[Site "Alma Ata"]
[Date "1995.??.??"]
[Round "2"]
[White "Fominyh, Alexander"]
[Black "Yurtaev, Leonid"]
[Result "1-0"]
[WhiteElo "2520"]
[BlackElo "2505"]

1.d4 Nf6 2.c4 g6 3.Nf3 Bg7 4.g3 O-O 5.Bg2 d6 6.O-O e5 7.Nc3 Nc6 8.d5 Ne7
9.e4 Bg4 10.Qc2 Ne8 11.Ne1 h5 12.f3 Bd7 13.f4 exf4 14.Bxf4 Nf6 15.h3 Nh7
16.Nf3 f6 17.Rae1 Re8 18.Kh2 g5 19.Be3 c5 20.dxc6 bxc6 21.Qd2 Ng6 22.Qxd6 g4
23.hxg4 hxg4 24.Nh4 Bf8 25.Qd2 Ne5 26.b3 Qa5 27.Qc2 Rad8 28.Rd1 Be6 29.Ne2 Rxd1
30.Rxd1 Ng5 31.Nd4 Ngf3+ 32.Ndxf3 gxf3 33.Bxf3 Bg4 34.Be2 Qc7 35.Bf4 Qg7
36.Bxe5 Rxe5 37.Bxg4 Qxg4 38.Rf1 Bc5 39.Rxf6 Rh5 40.Qg2 Be7 41.Rf4 Qd1 42.Kh3 Qd7+
43.Rf5 Rh7 44.Qf3 Rg7 45.Kh2 Qd4 46.Rf4 Qd2+ 47.Kh3 Qe1 48.Nf5 Rh7+ 49.Kg4 Bf8
50.e5 Kh8 51.Re4 Qd2 52.e6 Qh2 53.Qc3+ Kg8 54.e7 Qh5+ 55.Kf4 Bh6+ 56.Nxh6+ Qxh6+
57.Kf3 Qh1+ 58.Ke3 Qh6+ 59.Kd3 Qd6+ 60.Qd4 Qxg3+ 61.Re3 Qg6+ 62.Kc3  1-0